| 000 | 01675nam a22002057a 4500 | ||
|---|---|---|---|
| 003 | OSt | ||
| 005 | 20260415114432.0 | ||
| 008 | 260415b |||||||| |||| 00| 0 eng d | ||
| 020 | _a9780857774378 | ||
| 082 |
_29780857774378 _a9780857774378 _b9780857774378 |
||
| 100 | _aEvans, Virginia | ||
| 245 | _aPrime Time Nivel 4 | ||
| 250 |
_a1R _b2011 |
||
| 260 |
_aE.E U.U _bExpress Publishing UK Ltd _c2015 |
||
| 300 |
_a136 PAG _c 27,6 x 21,6 cm. |
||
| 490 | _3TAPA BLANDA | ||
| 520 | _aPrime Time es un curso modular de nivel secundario en inglés americano. El curso combina el aprendizaje activo del inglés americano con una variedad de temas dinámicos presentados en cinco módulos temáticos. Características clave: Un enfoque integrado para el desarrollo de las cuatro destrezas lingüísticas. Diálogos estimulantes y realistas con personas en situaciones cotidianas. Presentación y práctica de vocabulario. Variedad de tareas de lectura y comprensión auditiva. Presentación y práctica claras de estructuras gramaticales. Actividades que fomentan el pensamiento crítico y la investigación en la web. Secciones de escritura que contienen modelos y desarrollo de habilidades de escritura. Actividades realistas de trabajo en parejas y en grupo. Secciones de pronunciación e entonación. Consejos de estudio para ayudar a los estudiantes a convertirse en aprendices autónomos. Rincón cultural y secciones interdisciplinarias. Secciones de repaso y revisión del idioma al final de cada módulo. Una sección de referencia gramatical. Pizarra interactiva (IWB). Software de libros electrónicos interactivos. | ||
| 700 | _aDooley, Jenny | ||
| 942 |
_2ddc _cBKA _n0 |
||
| 999 |
_c2073 _d2073 |
||